000 01249nam a2200337 i 4500
001 000007533
003 DO-SdBNP
005 20251203133017.0
007 ta
008 090909s1993 dr 000 0 spa d
040 _aDO-SdBNP
_bspa
_cBNPHU
_erda
041 _aspa
082 4 _a447.9729
_bC719f
_222
111 2 _aColoquio Francofonía y Caribe
_d(1993, abr. 29-30 :
_cSanto Domingo, República Dominicana)
_920914
245 1 0 _aFrancophonie et Caraibe = Francofonía y Caribe.
246 1 1 _aFrancofonía y Caribe
264 4 _aSanto Domingo, República Dominicana :
_bCasa de Francia,
_c©1993.
300 _a296 páginas ;
_c23 cm.
336 _ardacontent
_btexto
_2txt
337 _ardamedia
_bsin mediación
_2n
338 _ardacarrier
_bvolumen
_2nc
504 _aIncluye bibliografía y notas al pie de páginas.
546 _aTexto en Francés, Español
590 _aInventariado, 2018/VM
650 4 _aFrancés
_xUso
_zCaribe (Región)
_920915
650 4 _aFrancés
_xDialectos
_zCaribe (Región)
_920916
650 4 _aLenguaje y lenguas
_xHistoria y crítica
_910052
651 0 _aCaribe (Región)
_xIntegración social
_987401
_vCongresos, conferencias, etc.
910 _aValidado. Control de calidad EMS
942 _2ddc
_cLBS1
999 _c7314
_d7314